| Поле | Название | Значение |
| |
Тип записи |
a |
| |
Библиографический уровень |
m |
| 001 |
Контрольный номер |
86d95824bff6406b8ef10f05b717a44b |
| 005 |
Дата корректировки |
20251021114250.8 |
| 010 |
Индекс ISBN |
__ |
| a |
ISBN |
978-5-227-07251-1 |
| d |
Цена |
578-00, 2000 экз. |
| b |
Уточнения |
в пер. |
| 100 |
Данные общей обработки |
__ |
| a |
Данные общей обработки |
20201810d2017 ma y0rusy028902 ca |
| 101 |
Язык документа |
0_ |
| a |
Язык текста |
rus |
| 102 |
Страна публикации |
__ |
| a |
Страна публикации |
RU |
| 105 |
Кодированные данные (монография) |
__ |
| a |
Кодированные данные (монография) |
y z 000zb |
| 181 |
Поле кодированных данных: вид содержания |
_0 |
| a |
Код вида содержания (ISBD) |
i |
| 182 |
Поле кодированных данных: тип средства |
_0 |
| a |
Код типа средства (ISBD) |
n |
| 200 |
Заглавие и сведения об ответственности |
1_ |
| a |
Заглавие |
Святослав. Болгария |
| e |
Сведения, относящиеся к заглавию |
[роман] |
| f |
Первые сведения об ответственности |
Валентин Гнатюк, Юлия Гнатюк |
| 203 |
Вид содержания и тип средства |
__ |
| a |
Вид содержания |
Текст |
| c |
Тип средства |
непосредственный |
| 210 |
Выходные данные |
1_ |
| a |
Место издания |
Москва |
| c |
Издательство |
Центрполиграф |
| d |
Дата издания |
2017 |
| 215 |
Физическое описание |
__ |
| a |
Объем |
380 с. |
| d |
Формат |
22 см |
| 300 |
Общие примечания |
__ |
| a |
Общие примечания |
На обороте титульного листа и в выходных данных: 14+ |
| 300 |
Общие примечания |
__ |
| a |
Общие примечания |
3-я книга романа-трилогии |
| 330 |
Аннотация |
__ |
| a |
Аннотация |
Роман представляет собой подробное жизнеописание известного князя новгородского и великого князя киевского Святослава Игоревича, широкую панораму событий в Киевской Руси X века накануне крещения её Владимиром, а также взаимоотношения с Византией, Хазарией, Болгарией, другими странами и народами раннего Средневековья. В основу положены многие исторические данные, переосмысленные и воспроизведённые авторами с такой бережностью и глубиной, что даёт все основания назвать данное произведение романом-реконструкцией. Книга читается на одном дыхании: правление княгини Ольги, подробности ведического обучения, любви и ратного возмужания Святослава, романтические эпизоды и захватывающие батальные сцены доставят читателям истинное удовольствие. Совершите неповторимое волшебное путешествие в глубины генетической памяти русского народа! |
| 333 |
Примечание о целевом назначении |
__ |
| a |
Примечание о целевом назначении |
12+. Для детей старше 12 лет |
| 517 |
Другие варианты заглавия |
1_ |
| a |
Другие варианты заглавия |
Болгария |
| 600 |
Персоналии |
_0 |
| a |
Персоналии (Фамилия) |
Святослав Игоревич |
| c |
Дополнение к имени |
князь новгородский |
| f |
Даты |
942-972 |
| 2 |
Код системы |
nlr_sh |
| 606 |
Тематические рубрики |
__ |
| a |
Основная рубрика |
Художественная литература |
| 2 |
Код системы |
nlr_sh |
| 606 |
Тематические рубрики |
__ |
| a |
Основная рубрика |
Современная русская литература (произведения) |
| 2 |
Код системы |
nlr_sh |
| 610 |
Ключевые слова |
0_ |
| a |
Ключевые слова |
исторические личности |
| a |
Ключевые слова |
исторические романы |
| a |
Ключевые слова |
князья |
| a |
Ключевые слова |
проза |
| a |
Ключевые слова |
романы |
| a |
Ключевые слова |
тема истории |
| a |
Ключевые слова |
тема исторических личностей |
| a |
Ключевые слова |
тема князей |
| a |
Ключевые слова |
тема Руси |
| 610 |
Ключевые слова |
0_ |
| a |
Ключевые слова |
тема славян |
| 610 |
Ключевые слова |
0_ |
| a |
Ключевые слова |
история Руси |
| 686 |
Индексы других классификаций |
__ |
| 2 |
Код системы |
rubbks |
| a |
Классификационный индекс |
84(2=411.2)6-4 |
| 700 |
Автор |
_1 |
| a |
Фамилия |
Гнатюк |
| b |
Имя |
В. С. |
| g |
Полное личное имя |
Валентин Сергеевич |
| 4 |
Код отношения |
070 |
| f |
Даты |
1953- |
| 701 |
Альтернативная интеллектуальная ответственность |
_1 |
| a |
Фамилия |
Гнатюк |
| b |
Имя |
Ю. В. |
| g |
Полное личное имя |
Юлия Валерьевна |
| 4 |
Код отношения |
070 |
| f |
Даты |
1961- |
| 801 |
Источник записи |
_0 |
| a |
Страна |
RU |
| b |
Организация |
Муниципальное бюджетное учреждение культуры "Централизованная библиотечная система" г. Сургут (Центральная городская библиотека им. А. С. Пушкина) |
| c |
Дата составления |
20201810 |
| g |
Правила каталогизации |
PSBO |
| 801 |
Источник записи |
_1 |
| a |
Страна |
RU |
| b |
Организация |
Муниципальное бюджетное учреждение культуры "Централизованная библиотечная система" г. Сургут (Центральная городская библиотека им. А. С. Пушкина) |
| c |
Дата составления |
20201810 |
| g |
Правила каталогизации |
PSBO |
| 852 |
Данные о местонахождении |
__ |
| j |
Шифр хранения |
84(2=411.2)6-4 |
| i |
Авторский знак |
Г 56 |
| 901 |
Тип документа |
__ |
| t |
Тип документа |
m |
| a |
Ответственный |
КиК/Трушникова |
| 903 |
Характеристики (МАРС) |
__ |
| a |
Дата передачи |
20181023 |
| c |
Наименование библиотеки (МАРС) |
Муниципальное бюджетное учреждение культуры "Централизованная библиотечная система" г. Сургут (Центральная городская библиотека им. А. С. Пушкина) |
| 990 |
Данные о заказе (DOS) |
__ |
| j |
Количество экземпляров (DOS) |
1 |
| t |
N записи в КСУ для И/У (DOS) |
201810 |